| 000 | 00887nam a2200229 i 4500 | ||
|---|---|---|---|
| 005 | 20090826144755.0 | ||
| 008 | 791023s1978 ii a b 001 0 eng | ||
| 010 | _aENG-94910 | ||
| 020 |
_c1295.00 _a9788190769518 |
||
| 035 | _aEN-78443 | ||
| 037 | _bDBAD / PUB | ||
| 040 |
_adpl _bEnglish |
||
| 082 | _a631.52 | ||
| 100 | _aRajshekhar, M.V. | ||
| 245 |
_aChallenging problems in horticultural biotechnology / _cby M.V. Rajshekhar |
||
| 260 |
_aNew Delhi _bAlfa Publications _c2009 |
||
| 270 |
_a4398/5, Ansari Road, Daryaganj _bNew Delhi _e110002 |
||
| 300 |
_av, 312p. _c23cm(Hb) |
||
| 500 | _aIncludes bibliographical references and index | ||
| 942 |
_2ddc _cEN _mRAJ _h631.52 |
||
| 999 |
_c29654 _d29654 |
||